000 00590nam a22001937a 4500
005 20251108172454.0
008 250721s9999 xx 000 0 ara d
082 1 4 _a639.2سيد
100 1 _aسيد، رجب سعد
245 1 0 _aصيد البحر وطعامه /
264 1 _a(د.م ) :
_bالهيئة المصرية العامة للكتاب،
300 _a195ص
490 0 _a( سلسلة العلم والحياة , 115 )
650 1 7 _aصيد الأسماك
650 1 7 _aالأسماك ( غذاء )
650 1 7 _aأسماك الصيد
942 _2ddc
_cBK
999 _c80212
_d80212